000 00911cab a2200229 4500
001 WB3242-41
008 090401t1996 xxu||||| |||| 00| 0 eng d
035 _a(Sirsi) u44770
041 _aeng
245 _aAs happy as a landlord
260 _c1996
350 _a0
490 _aTimes
_vWeekend 2 November 1996, 11(1)
520 _aBuy to Let mortgage schemes and the new assured shorthold tenancy agreement are encouraging small investors to become landlords. Investment in central and outer London properties and student accommodation currently offer good yields, but landlords must be aware of their responsibilities under new legislation.
650 _aBUY-TO-LET
650 _aPRIVATE RENTED SECTOR
650 _aRENTAL VALUES
650 _aRENTED HOUSING
690 _aPROPERTY-RESIDENTIAL PROPERTY-RESIDENTIAL LANDLORD AND TENANT-RESIDENTIAL TENANCIES
942 _n0
948 _c04/03/1997
999 _c28447
_d28447